Naše vnitropodnikové účetnictví a jeho vztah k manažerskému účetnictví. 3
Vývojové etapy účtovníctva po prvej svetovej vojne. Osem období v rokoch 1918 - polovica tridsiatych rokov, druhá polovica tridsiatych rokov - 1945, 1946-1952, 1953-1965, 1966-1975, 1976-1989, 1990- 1992 a od roku 1993. Porovnanie vnútropodnikového účtovníctva s manažérskym účtovníctvom hodnotenie č...
Gespeichert in:
| 1. Verfasser: | |
|---|---|
| Format: | Buchkapitel |
| Sprache: | Tschechisch |
| Schlagworte: | |
| Tags: |
Keine Tags, Fügen Sie das erste Tag hinzu!
|
MARC
| LEADER | 00000naa a2200000 4500 | ||
|---|---|---|---|
| 001 | r014361 | ||
| 005 | 20221205080805.9 | ||
| 041 | 0 | |a cze | |
| 044 | |a CZ | ||
| 245 | 1 | 0 | |a Naše vnitropodnikové účetnictví a jeho vztah k manažerskému účetnictví. 3 |c R. Schroll |
| 520 | |a Vývojové etapy účtovníctva po prvej svetovej vojne. Osem období v rokoch 1918 - polovica tridsiatych rokov, druhá polovica tridsiatych rokov - 1945, 1946-1952, 1953-1965, 1966-1975, 1976-1989, 1990- 1992 a od roku 1993. Porovnanie vnútropodnikového účtovníctva s manažérskym účtovníctvom hodnotenie čiastkových úloh vnútropodnikového účtovníctva. | ||
| 610 | 2 | 0 | |a účtovníctvo vnútropodnikové |
| 610 | 2 | 0 | |a účtovníctvo manažérske |
| 610 | 2 | 0 | |a história |
| 100 | 1 | |a Schroll, R. | |